000
00340pab a2200145 454500
008
180718b1998 xxu||||| |||| 00| 0 eng d
100
_a
Dave, Nalini V.
245
_a
MNCs: threats and opportunities
260
_c
1998
300
_a
p.25-28
362
_a
Jul
650
_a
Transnational corporations
773
_a
Yojana
909
_a
37936
999
_c
37936
_d
37936